[Event "Pan American-ch School U15 12th"]
[Site "Callao"]
[Date "2023.10.16"]
[Round "1"]
[White "Janampa Javier, Brandon Daniel"]
[Black "Rios Soriano, Alwyn Asdrubal"]
[Result "1/2-1/2"]
[WhiteElo "1527"]
[BlackElo "1114"]
[PlyCount "90"]
[EventDate "2023.10.16"]
[EventType "swiss"]
[EventRounds "9"]
[EventCountry "PER"]
[SourceTitle "Mega2024 Update 01"]
[Source "Chessbase"]
[SourceDate "2023.11.12"]
[SourceVersion "1"]
[SourceVersionDate "2023.11.12"]
[SourceQuality "1"]

1. d4 Nf6 2. c4 g6 3. Nc3 Bg7 4. e4 d6 5. Nf3 Nbd7 6. Be2 b6 7. 0-0 0-0 8. Re1 Bb7 9. Bf1 h6 10. Qd3 e5 11. d5 Nc5 12. Qc2 Bc8 13. b4 Nb7 14. Nd2 Nh5 15. Nb3 f5 16. f3 f4 17. Qf2 g5 18. Be2 Nf6 19. Ba3 Qe8 20. Nb5 Qf7 21. c5 a6 22. Nc3 b5 23. Bb2 Qg6 24. a4 bxa4 25. Rxa4 g4 26. Qh4 gxf3 27. Bxf3 Ng4 28. Rea1 Bf6 29. Qe1 Ne3 30. Qe2 Bg4 31. Kh1 Bxf3 32. gxf3 Kh7 33. Rg1 Qh5 34. Raa1 Rg8 35. c6 Rxg1+ 36. Rxg1 Nd8 37. Bc1 Bg5 38. Na1 Nf7 39. Bxe3 fxe3 40. Nc2 Bf4 41. Nxe3 Bxh2 42. Qxh2 Qxf3+ 43. Qg2 Qh5+ 44. Qh2 Qf3+ 45. Qg2 Qh5+ 1/2-1/2

[Event "Pan American-ch Hybrid U14 31st"]
[Site "Tornelo INT"]
[Date "2021.09.04"]
[Round "1"]
[White "Janampa Javier, Brandon Daniel"]
[Black "Sarda, Pedro Sada"]
[Result "0-1"]
[WhiteElo "1146"]
[BlackElo "1625"]
[PlyCount "128"]
[EventDate "2021.09.04"]
[EventType "swiss"]
[EventRounds "9"]
[EventCountry "NET"]
[SourceTitle "EXT 2023"]
[Source "ChessBase"]
[SourceDate "2022.10.05"]
[SourceVersion "1"]
[SourceVersionDate "2022.10.05"]
[SourceQuality "1"]

1. d4 Nf6 2. Bf4 d5 3. e3 e6 4. Nf3 c5 5. c3 Nc6 6. Nbd2 Bd6 7. Ne5 0-0 8. Bd3 Qc7 9. Ndf3 Ne4 10. Bg3 Bd7 11. Nxd7 Qxd7 12. Bxe4 dxe4 13. dxc5 exf3 14. gxf3 e5 15. Qxd6 Qf5 16. Qd1 Rad8 17. Qe2 Qh3 18. Rg1 Rd5 19. Rd1 Rxc5 20. b4 Rxc3 21. Qd2 Rc4 22. b5 Ne7 23. Bxe5 Ng6 24. Bg3 Qf5 25. Qd5 Qc2 26. a3 Rc5 27. Qxb7 Qc3+ 28. Kf1 Qc4+ 29. Kg2 Rxb5 30. Qxa7 h5 31. Rd4 Qc6 32. Rd6 Qc3 33. Qd4 Qc8 34. h4 Ra5 35. Rd5 Ra6 36. Rxh5 Rd8 37. Qb2 Qa8 38. Ra1 Rf6 39. Qe2 Rd2 40. Qxd2 Qxf3+ 41. Kg1 Qxh5 42. Qd8+ Kh7 43. Qd1 Qf5 44. h5 Ne5 45. Bxe5 Qxe5 46. Qd3+ g6 47. Rd1 Qxh5 48. Qd5 Qg4+ 49. Kf1 Rf5 50. Qd4 Qh3+ 51. Ke1 Qh1+ 52. Kd2 Rxf2+ 53. Kc3 Qc6+ 54. Kb4 Qb7+ 55. Ka4 Qc6+ 56. Kb4 Rf5 57. a4 Rh5 58. Qc4 Qb6+ 59. Ka3 Qxe3+ 60. Rd3 Qe7+ 61. Kb3 Rh4 62. Rd4 Qe3+ 63. Qd3 Qxd4 64. Qxd4 Rxd4 0-1